Conversaciones en Lima: la historia como instrumento de integración chileno-peruana
Сохранить в:
| Главные авторы: | , |
|---|---|
| Формат: | |
| Язык: | испанский |
| Опубликовано: |
Valparaíso
Ediciones Universitarias
2013
|
| Предметы: | |
| Метки: |
Добавить метку
Нет меток, Требуется 1-ая метка записи!
|
MARC
| LEADER | 00000cam a2200000 a 4500 | ||
|---|---|---|---|
| 001 | UCF9391 | ||
| 003 | CL-VaPUC | ||
| 008 | 131115e20130000cl |||||||||||||||||spa|d | ||
| 020 | |a 9789561705623 | ||
| 082 | 0 | 4 | |a 327.83085 |b CAV |2 21 |
| 100 | |a Cavieres Figueroa, Eduardo Lincoyán |e autor |9 884614 | ||
| 700 | 0 | |a Orrego, Juan Luis |e author |9 571668 | |
| 245 | 1 | 0 | |a Conversaciones en Lima: la historia como instrumento de integración chileno-peruana |
| 300 | |a 159 p | ||
| 942 | |c BK | ||
| 945 | |d 20131115 14:49:00 |a dcastane | ||
| 260 | |a Valparaíso |b Ediciones Universitarias |c 2013 | ||
| 650 | 0 | |a Relaciones Internacionales |9 255740 | |
| 651 | 7 | |a CHILE |2 CL-VaPUC |9 571669 | |
| 651 | 0 | |a Perú |9 256567 | |
| 583 | |a last modification |c 20131115 14:49:00 |k Rodrigo Vera | ||
| 999 | |c 353837 |d 353835 | ||
| 952 | |0 0 |1 0 |3 erb |4 0 |6 327_830850000000000_CAV_2013 |7 0 |8 A |9 459256 |a BIBCUR |b BIBCUR |i 5025915 |o 327.83085 CAV 2013 |p 5025915 |r 2025-04-22 |w 2019-11-23 |y BK |z Catalogado en:20131115 |k PER | ||
| 952 | |0 0 |1 0 |3 erb |4 0 |6 327_830850000000000_CAV_2013 |7 0 |8 X |9 459257 |a FDOBUD |b FDOBUD |i 5303346 |o 327.83085 CAV 2013 |p 5303346 |r 2019-11-23 |w 2019-11-23 |y BK_X |z Catalogado en:20160505 |k FHP | ||